南武線のワンマン化前の発車メロディー - Statistics

General Stats
  • This quiz has been taken 45 times
  • The average score is 16 of 23
Answer Stats
ヒント 答え % Correct
川崎 川崎市歌
97%
宿河原 上り 夢をかなえてドラえもん
84%
稲城長沼、南多摩、分倍河原、西府、谷保、矢川、西国立 下り 浜千鳥
84%
尻手、矢向、平間、向河原、武蔵新城 上り JRSH2-1
84%
稲城長沼、南多摩、分倍河原、西府、谷保、矢川、西国立 上り 立川 7番線 春待ち風V2
84%
鹿島田 上り dance on
81%
尻手、矢向、平間、向河原、武蔵新城 下り JRSH5-1
81%
宿河原 下り すいみん不足
78%
登戸 3番線 ドラえもんのうた
76%
登戸 2番線 きてよパーマン
76%
府中本町 下り 星空の下
73%
立川 8番線 mellow time
73%
武蔵溝ノ口 Jupiter
70%
登戸 1番線 ぼくドラえもん
68%
稲田堤 丘を越えて
65%
矢野口 稲城繁盛節
65%
府中本町 上り twilight
65%
武蔵小杉 ナンバーワン野郎!
62%
鹿島田 下り sunny islands
59%
津田山、久地、中野島 上り 稲城長沼 2,3番線 ホリデイV1
57%
津田山、久地、中野島 下り 遠い青空V1
54%
武蔵中原 上り FRONTARE2000
24%
武蔵中原 下り FRONTARE20000
19%
No matching quizzes found
Score Distribution
Percent of People with Each Score
Percentile by Number Answered
Your Score History
You have not taken this quiz